LEADER 01175nam--2200361---450- 001 990003118620203316 005 20090609101745.0 010 $a88-14-12864-2 035 $a000311862 035 $aUSA01000311862 035 $a(ALEPH)000311862USA01 035 $a000311862 100 $a20080613d2007----km-y0itay50------ba 101 $aita 102 $aIT 105 $a||||||||001yy 200 1 $a<> cimiteri$epiano regolatore, regolamenti e concessioni cimiteriali$epolizia mortuaria, servizi e diritto al sepolcro$eproblemi e casi pratici$fNicola Centofanti 210 $aMilano$cGiuffrè$dcopyr. 2007 215 $aXVII, 229 p.$d25 cm 225 2 $aCosa & Come$iEnti locali$hN. S.$v145 410 0$12001$aCosa & Come$iEnti locali$hN. S. 606 0 $aCimiteri$xLegislazione$2BNCF 676 $a344.45045 700 1$aCENTOFANTI,$bNicola$039920 801 0$aIT$bsalbc$gISBD 912 $a990003118620203316 951 $aXXIV.3.P 115 (IG XVI 673)$b59796 G.$cIG XVI$d00164357 959 $aBK 969 $aGIU 979 $aGIUSY$b90$c20080613$lUSA01$h0938 979 $aRSIAV3$b90$c20090609$lUSA01$h1017 996 $aCimiteri$91020030 997 $aUNISA LEADER 01419nam2 2200349 i 450 001 CFI0028980 005 20251003044112.0 020 $aIT$b87-4534 100 $a20010705d1980 ||||0itac50 ba 101 | $aita 102 $ait 181 1$6z01$ai $bxxxe 182 1$6z01$an 200 1 $a2$eˆLa ‰Cisl 1950-1980$ecronologia$fa cura di Camillo Brezzi, Ivo Camerini, Toto Lombardo 210 $aRoma$cLavoro$d1980 215 $aIX, 323 p.$d21 cm. 461 1$1001CFI0028967$12001 $aTrent'anni di storia sindacale$f\a cura di! Centro studi nazionale Cisl, Centro di studi sociali e sindacali$v2 676 $a331.880 945$9$v20 686 $aIT/3436.8$cORGANIZZAZIONI SINDACALI E ALTRE ITALIA 1945-1968$2R 686 $aIT/4436.8$cORGANIZZAZIONI SINDACALI E ALTRE ITALIA 1968-1989$2R 686 $aX03.4$cCRONOLOGIE$2R 702 1$aBrezzi$b, Camillo$3CFIV016681 702 1$aCamerini$b, Ivo Ulisse$3CFIV016682 702 1$aLombardo$b, Toto$3CFIV016684 790 1$aCamerini$b, Ivo$3CFIV016683$zCamerini, Ivo Ulisse 801 3$aIT$bIT-000000$c20010705 850 $aIT-BN0095 912 $aCFI0028980 950 2$aBiblioteca Centralizzata di Ateneo$cv. 1-3$d 01POZZO LIB.F. SANTI 248$e 0101 0060032385E VMA (002 v. 2 (Precedente collocazione S 255)$fB $h20221109$i20221109 977 $a 01 996 $a2$961340 997 $aUNISANNIO LEADER 03931nam 2200673Ia 450 001 9910956297103321 005 20251116221556.0 010 $a1-280-58060-7 010 $a9786613610386 010 $a0-300-16320-7 024 7 $a10.12987/9780300163209 035 $a(CKB)2560000000082653 035 $a(OCoLC)794670865 035 $a(CaPaEBR)ebrary10570991 035 $a(SSID)ssj0000686016 035 $a(PQKBManifestationID)11930687 035 $a(PQKBTitleCode)TC0000686016 035 $a(PQKBWorkID)10731962 035 $a(PQKB)11026029 035 $a(DE-B1597)486040 035 $a(DE-B1597)9780300163209 035 $a(Au-PeEL)EBL3420865 035 $a(CaPaEBR)ebr10570991 035 $a(CaONFJC)MIL361038 035 $a(OCoLC)923598477 035 $a(MiAaPQ)EBC3420865 035 $z(OCoLC)794670865 035 $a(EXLCZ)992560000000082653 100 $a20111109d2012 uy 0 101 0 $aeng 135 $aurcn||||||||| 181 $ctxt 182 $cc 183 $acr 200 14$aThe Communist manifesto /$fKarl Marx and Friedrich Engels ; edited and with an introduction by Jeffrey C. Isaac ; with essays by Steven Lukes ... [et al.] 205 $a1st ed. 210 $aNew Haven $cYale University Press$dc2012 215 $a1 online resource (229 p.) 225 1 $aRethinking the Western tradition 300 $aBibliographic Level Mode of Issuance: Monograph 311 08$a0-300-12301-9 320 $aIncludes bibliographical references and index. 327 $tFrontmatter --$tContents --$tAcknowledgments --$tIntroduction: Rethinking the Communist Manifesto --$tA Note on the Texts --$tPreliminary Drafts of the Communist Manifesto --$tDraft of a Communist Confession of Faith (1847) --$t''Principles Of Communism'' (1847) --$tThe Text of the Communist Manifesto Karl Marx and Friedrich Engels, the Communist Manifesto --$tAppendix: Prefaces to Various Language Editions --$tPreface to the German Edition of 1872 --$tPreface to the Russian Edition of 1882 --$tPreface to the German Edition of 1883 --$tPreface to the English Edition of 1888 --$tPreface to the German Edition of 1890 --$tPreface to the Polish Edition of 1892 --$tPreface to the Italian Edition of 1893 --$tThe Morals of the Manifesto --$tThe Communist Manifesto: Between Past and Present --$tReflections on the Fate of Marxism in Eastern Europe: Fulfillment or Bastardization? --$tMarxism and Globalization: Revisiting the Political in the Communist Manifesto --$tIndex --$tRethinking the Western Tradition 330 $aMarx and Engels's Communist Manifesto has become one of the world's most influential political tracts since its original 1848 publication. Part of the Rethinking the Western Tradition series, this edition of the Manifesto features an extensive introduction by Jeffrey C. Isaac, and essays by Vladimir Tismaneanu, Steven Lukes, Saskia Sassen, and Stephen Eric Bronner, each well known for their writing on questions central to the Manifesto and the history of Marxism. These essays address the Manifesto's historical background, its impact on the development of twentieth-century Communism, its strengths and weaknesses as a form of ethical critique, and its relevance in the post-1989, post-Cold War world. This edition also includes much ancillary material, including the many Prefaces published in the lifetimes of Marx and Engels, and Engels's "Principles of Communism." 410 0$aRethinking the Western tradition. 606 $aCommunism 615 0$aCommunism. 676 $a335.4/22 700 $aMarx$b Karl$f1818-1883.$032587 701 $aEngels$b Friedrich$f1820-1895.$036926 701 $aIsaac$b Jeffrey C.$f1957-$01888955 701 $aLukes$b Steven$0156548 801 0$bMiAaPQ 801 1$bMiAaPQ 801 2$bMiAaPQ 906 $aBOOK 912 $a9910956297103321 996 $aThe Communist manifesto$94528841 997 $aUNINA